000 00692nam a2200253Ia 4500
001 53595
005 20240114005351.0
007 ta
008 110210s2002 g b000 u asm u
020 _a817339-365-6
040 _aCotton College,Assam
041 _aasm
082 _a491.41
_bBo 644 Sa
100 _aBora, Dr Lilabati Saikia .
245 0 _aSanskrit-Pali-Prakrit Aru Asamiya Vyakaran /
_cDr Lilabati Saikia Bora.
_hTextual Documents
250 _aIst ed. /
260 _aGuwahati :
_bBanalata ,
_c2002.
300 _a120pg ;
_c19cm.
653 _aAsamiya Vyakaran
653 _aDeptt- Assamese
942 _2ddc
_cBK
999 _c53558
_d53558